000 00757nam a2200241Ia 4500
003 OSt
005 20220925201413.0
006 a|||||r|||| 00| 0
007 ta
008 220923b |||||||| |||| 00| 0 eng d
037 _cGeneral Book
040 _aRTL
_cRTL
_beng
041 _2eng
_aeng
082 _aX9(HZ713141):93.2.N75t4, M1/GD
110 _aGovt of India. Labour Bureau
_9253161
245 0 _aReport on mica factories
_b Third occupational wage survey
260 _aDelhi
_bManager of Publication India
_c1981
300 _a72p.
_ccm.
650 _aMinings
_9234290
700 _aGovt of India. Labour Bureau
_9253162
942 _hX9(HZ713141):93.2.N75t4, M1/GD
_cGB
_2CC
999 _c540002
_d540002